| LEADER |
01124nam0a2200217 450 |
| 001 |
16847891 |
| 010 |
|
|
|a 978-2-84922-627-8
|b br.
|d 17
|
| 100 |
|
|
|a 20210402d2021 u u0frey01 ba
|
| 101 |
0 |
|
|a fre
|
| 102 |
|
|
|a FR
|
| 200 |
0 |
|
|a Pédocratie à la française (La)
|e La chute des intouchables
|f Jacques Thomet
|g préface de Joseph Ancel - postface de Gérard Lopez
|
| 207 |
|
1 |
|a
|
| 210 |
|
|
|a Paris
|c Fabert
|d 2021
|
| 215 |
|
|
|a 1 vol. (165 p.)
|d 22 x 14 cm
|
| 330 |
|
|
|a Etayée de confessions de victimes, une enquête sur les viols d'enfants en France et sur l'inaction de l'Etat à punir ces crimes. L'auteur dénonce une impunité des prédateurs sexuels appartenant à une élite, l'existence niée de réseaux pédocriminels ainsi que l'inertie judiciaire et policière qui, selon lui, entretiennent une omerta globale du système français. Electre 2024
|
| 700 |
|
0 |
|a Thomet
|b Jacques
|4 70
|
| 702 |
|
0 |
|a Ancel
|b Joseph
|4 80
|
| 702 |
|
0 |
|a Lopez
|b Gérard
|4 75
|
| 900 |
|
|
|a Documentaire
|
| 901 |
|
|
|a Accessible au prêt
|
| 995 |
|
|
|a Bibliothèque
|c Bibliothèque
|f 00156011585536
|h 00156011585536
|k 364.15 THO
|o p
|q a
|r az
|e Bibliothèque
|